| 000 -LEADER |
| fixed length control field |
03596cam a2200457 i 4500 |
| 001 - CONTROL NUMBER |
| control field |
21027860 |
| 003 - CONTROL NUMBER IDENTIFIER |
| control field |
NUST |
| 005 - DATE AND TIME OF LATEST TRANSACTION |
| control field |
20220301110053.0 |
| 006 - FIXED-LENGTH DATA ELEMENTS--ADDITIONAL MATERIAL CHARACTERISTICS |
| fixed length control field |
m |o d | |
| 007 - PHYSICAL DESCRIPTION FIXED FIELD--GENERAL INFORMATION |
| fixed length control field |
cr ||||||||||| |
| 008 - FIXED-LENGTH DATA ELEMENTS--GENERAL INFORMATION |
| fixed length control field |
190617s2020 enk ob 001 0 eng |
| 010 ## - LIBRARY OF CONGRESS CONTROL NUMBER |
| LC control number |
2019025009 |
| 020 ## - INTERNATIONAL STANDARD BOOK NUMBER |
| International Standard Book Number |
9780429469442 |
| Qualifying information |
(ebook) |
| 020 ## - INTERNATIONAL STANDARD BOOK NUMBER |
| Canceled/invalid ISBN |
9781138599789 |
| Qualifying information |
(hardback) |
| 020 ## - INTERNATIONAL STANDARD BOOK NUMBER |
| Canceled/invalid ISBN |
9781138599796 |
| Qualifying information |
(paperback) |
| 038 ## - RECORD CONTENT LICENSOR |
| Staff Name |
waseem |
| 040 ## - CATALOGING SOURCE |
| Original cataloging agency |
DLC |
| Language of cataloging |
eng |
| Transcribing agency |
DLC |
| Description conventions |
rda |
| Modifying agency |
DLC |
| 042 ## - AUTHENTICATION CODE |
| Authentication code |
pcc |
| 050 00 - LIBRARY OF CONGRESS CALL NUMBER |
| Classification number |
LB1139.23 |
| 082 00 - DEWEY DECIMAL CLASSIFICATION NUMBER |
| Classification number |
372.21 |
| Author Mark |
ROB |
| 100 1# - MAIN ENTRY--PERSONAL NAME |
| Personal name |
Robson, Sue, |
| Relator term |
author. |
| 9 (RLIN) |
89943 |
| 245 10 - TITLE STATEMENT |
| Title |
Developing thinking and understanding in young children : |
| Remainder of title |
an introduction for students / |
| Statement of responsibility, etc. |
Sue Robson. |
| 250 ## - EDITION STATEMENT |
| Edition statement |
Third edition. |
| 264 #1 - PRODUCTION, PUBLICATION, DISTRIBUTION, MANUFACTURE, AND COPYRIGHT NOTICE |
| Place of production, publication, distribution, manufacture |
London ; |
| -- |
New York, NY : |
| Name of producer, publisher, distributor, manufacturer |
Routledge, Taylor & Francis Group, |
| Date of production, publication, distribution, manufacture, or copyright notice |
2020. |
| 300 ## - PHYSICAL DESCRIPTION |
| Extent |
314p. ; |
| Dimensions |
24 cm. |
| 336 ## - CONTENT TYPE |
| Content type term |
text |
| Content type code |
txt |
| Source |
rdacontent |
| 337 ## - MEDIA TYPE |
| Media type term |
computer |
| Media type code |
c |
| Source |
rdamedia |
| 338 ## - CARRIER TYPE |
| Carrier type term |
online resource |
| Carrier type code |
cr |
| Source |
rdacarrier |
| 504 ## - BIBLIOGRAPHY, ETC. NOTE |
| Bibliography, etc. note |
Includes bibliographical references and index. |
| 505 0# - FORMATTED CONTENTS NOTE |
| Formatted contents note |
How can we think about young children's thinking? -- Theories of cognitive development: learning to think and thinking to learn -- The social, cultural and emotional contexts of thinking and understanding -- The brain and the body : neuroscience and embodied cognition -- Knowing about the mind : executive function, theory of mind, self-regulation and metacognition -- Observing, describing and documenting children's thinking and understanding -- Language, communication and thought -- Knowing about the world : the development of children's concepts -- Young children's visual thinking -- Young children's thinking in music -- Approaches to developing young children's thinking and understanding |
| 520 ## - SUMMARY, ETC. |
| Summary, etc. |
"The third edition of this essential book presents a comprehensive and accessible overview of contemporary theory and research about young children's developing thinking and understanding. Sue Robson's detailed exploration of the ideas and theories is enlivened by transcripts of children's activities and conversations taken from practice and contemporary research, helping readers to make links between theory, research and practice. This new edition brings together up-to-date research into neuroscience and digital learning, combining theory with discussions for best practice. Each chapter also includes ideas for further reading and suggested activities. Key chapters explore: Theories of cognitive development The social, emotional and cultural contexts of children's thinking Developments in brain science and young children The central roles of play and language in young children's developing thinking Children's conceptual development; visual thinking and thinking in music This book is crucial reading for all those interested in how young children develop through their thoughts and actions, including students of Early Years studies; teachers and early years practitioners"-- |
| Assigning source |
Provided by publisher. |
| 563 ## - BINDING INFORMATION |
| Binding note |
PBK. |
| 588 ## - SOURCE OF DESCRIPTION NOTE |
| Source of description note |
Description based on print version record and CIP data provided by publisher. |
| 650 #0 - SUBJECT ADDED ENTRY--TOPICAL TERM |
| Topical term or geographic name entry element |
Early childhood education. |
| 9 (RLIN) |
89944 |
| 650 #0 - SUBJECT ADDED ENTRY--TOPICAL TERM |
| Topical term or geographic name entry element |
Thought and thinking |
| General subdivision |
Study and teaching (Early childhood) |
| 9 (RLIN) |
89945 |
| 650 #0 - SUBJECT ADDED ENTRY--TOPICAL TERM |
| Topical term or geographic name entry element |
Cognition in children. |
| 9 (RLIN) |
89946 |
| 776 08 - ADDITIONAL PHYSICAL FORM ENTRY |
| Relationship information |
Print version: |
| Main entry heading |
Robson, Sue. |
| Title |
Developing thinking and understanding in young children |
| Edition |
Third edition. |
| Place, publisher, and date of publication |
London ; New York, NY : Routledge, Taylor & Francis Group, 2020 |
| International Standard Book Number |
9781138599789 |
| Record control number |
(DLC) 2019025008 |
| 906 ## - LOCAL DATA ELEMENT F, LDF (RLIN) |
| a |
7 |
| b |
cbc |
| c |
orignew |
| d |
1 |
| e |
ecip |
| f |
20 |
| g |
y-gencatlg |
| 942 ## - ADDED ENTRY ELEMENTS (KOHA) |
| Source of classification or shelving scheme |
|
| Koha item type |
Book |